Geography Quiz

Random Geography or Asia Quiz

Pacific Cities: North to South Quiz Stats

 Plays Quiz Updated Mar 5, 2018

Challenge
Share
Tweet
Embed
Score 0/16 Timer 05:00
5 Plays Today
% Correct
???
99.3%
???
78.2%
???
71.2%
???
62.5%
???
53.6%
???
40.5%
???
33.8%
???
27.1%
% Correct
???
17.6%
???
15.9%
???
13.2%
???
11.6%
???
11.3%
???
11.3%
???
10.8%
???
10.2%

You're not logged in!

Compare scores with friends on all Sporcle quizzes.
Join for Free
OR
Log In

You Might Also Like...

Show Comments

Extras

Top Quizzes Today


Score Distribution

Your Account Isn't Verified!

In order to create a playlist on Sporcle, you need to verify the email address you used during registration. Go to your Sporcle Settings to finish the process.

Report this User

Report this user for behavior that violates our Community Guidelines.

Details: